000 00907cab a2200241 4500
001 WB3023-49
008 090401t1994 xxu||||| |||| 00| 0 eng d
035 _a(Sirsi) u71513
041 _aeng
245 _aRecognition gains ground in France
260 _c1994
350 _a0
490 _aCSM (Chartered Surveyor Monthly)
_v3(9) June 1994, 3(1)
520 _aAfter years of negotiations the RICS is making progress in gaining recognition from the French authorities for the chartered surveying qualification. Four UK chartered surveyors have recently been awarded a state licence to practise as estate agents in France.
650 _aABOUT RICS-RICS MEMBERS
650 _aFRANCE
650 _aMUTUAL RECOGNITION
650 _aRECOGNITION OF QUALIFICATIONS
650 _aSTATE LICENCE
690 _aMANAGEMENT-BUSINESS MANAGEMENT-PROFESSIONAL PRACTICE
942 _n0
948 _c04/03/1997
999 _c45095
_d45095